000 00319nam a22001337a 4500
008 170718b xxu||||| |||| 00| 0 eng d
020 _a0691028508
041 _aeng
080 _a2
100 _a24
101 _aTEO
245 _aRELIGIOUS ORTHODOXY & POPULAR FAITH IN EUROPEAN SOCIETY
_cBADONE, E
942 _2udc
_cBK
999 _c21486
_d21486